| 000 | 00638nam a2200193Ia 4500 | ||
|---|---|---|---|
| 003 | GCL | ||
| 008 | 140319s9999 xx 000 0 ara d | ||
| 040 |
_aGCL / _cGCL |
||
| 082 | 0 | 4 |
_a001.6424 _bى ا |
| 100 | 1 | _aيحيى مصطفى حلمى | |
| 245 | 1 | 0 |
_aاساسيات لغة الكوبول / _cيحيى مصطفى حلمى |
| 260 |
_aالقاهرة : _bلجنة الاعلام والدراسات المستقبلية ، _c1987 |
||
| 300 | _a239 ص | ||
| 490 | _a | ||
| 650 | 0 | 4 | _aالحاسبات الالكترونية |
| 650 | 0 | 4 | _aكوبول |
| 650 | 0 | 4 | _aبرامج الحاسبات الالكترونية |
| 942 |
_2ddc _cBK |
||
| 999 |
_c44826 _d44826 |
||